zpět

Detail výsledku týmu

Tribuna, Přerov

Datum a čas kvízu

29 Celkem bodů Celkový počet nahraných bodů na tomto kvízu bez doplňovacích otázek.
7. Pořadí na kvízu Konečné umístění týmu na tomto kvízu.

Zaznamenané odpovědi

# Otázka Odpověď Body Výsledky
1. Minulý týden se v Praze konal... půllitry s pivem 1
2. Sarah Mullally stanula minulý... o anglikánskou církev 0
3. Minulý pátek vyšlo již 12. stu... The Life of a Showgirl 0
4. Minulý týden jsme se dozvěděli... Allwyn 0
5. Nejvyšší česká fotbalová liga... FC Viktoria Plzeň, FK Pardubice 0
6. Wikipedii s nejvyšší pravděpod... z havajštiny 0
7. Fanoušci kvízu občas jistě se... A 1
8. Dobrým zdrojem informací jsou... Jsi chytřejší než páťák? 1
9. Mnemotechnické pomůcky se hodí... barvy duhy (pořadí) 0
10. Někdy však k úspěchu v kvízu s... 1A 2D 3B 4C 0